Daňová kontrola - profesionalita a vzdelávanie daňových kontrolórov

Pokračovanie príspevku z predchádzajúceho čísla. Piliere profesionality a fundament vzdelávania pracovníkov daňovej kontroly.

Guardado en:
Detalles Bibliográficos
Autor principal: Burák, Emil
Formato: Capítulo de libro
Lenguaje:eslovaco
Materias:
Etiquetas: Agregar Etiqueta
Sin Etiquetas, Sea el primero en etiquetar este registro!

MARC

LEADER 00000naa a2200000 4500
001 0236974
005 20220805074559.1
041 0 |a slo 
044 |a SK 
245 1 0 |a Daňová kontrola - profesionalita a vzdelávanie daňových kontrolórov  |c Emil Burák 
520 |a Pokračovanie príspevku z predchádzajúceho čísla. Piliere profesionality a fundament vzdelávania pracovníkov daňovej kontroly. 
610 2 0 |a kontrola daňová 
610 2 0 |a kontrolóri 
610 2 0 |a vzdelávanie 
100 1 |a Burák, Emil